La niña que hablaba con los pájaros (Registro nro. 17361)

Detalles MARC
000 -LDR (LÍDER)
Campo de control de longitud fija 01959nam a2200337 a 4500
003 - IDENTIFICADOR DEL NÚMERO DE CONTROL
Campo de control CO-PeBPR
005 - FECHA Y HORA DE LA ÚLTIMA TRANSACCIÓN
Campo de control 20260418155803.0
007 - DESCRIPCIÓN FÍSICA CAMPO FIJO--INFORMACIÓN GENERAL
Campo de control de longitud fija ta
008 - ELEMENTOS DE DATOS DE LONGITUD FIJA--INFORMACIÓN GENERAL
Campo de control de longitud fija 231207s2023 ck a|||br|||| 00||f spa d
020 ## - Código Internacional normalizado para libros
Código Internacional normalizado para libros 9786287572782
040 0# - FUENTE DE CATALOGACIÓN
Agencia catalogadora original CO-PeBPR
Idioma de la agencia catalogadora spa
Agencia que transcribe CO-PeBPR
Norma para la descripción rda
041 0# - Código del Idioma
Código idioma del recurso original spa
082 04 - NÚMERO DE CLASIFICACIÓN DECIMAL DEWEY
Número de clasificación (i) Co863 T686n
100 1# - ASIENTO PRINCIPAL--NOMBRE PERSONAL
Nombre personal Toro Gutiérrez, Valentina
Fechas asociadas al nombre 1992-
Términos de relación autora
9 (RLIN) 279516
245 10 - MENCIÓN DE TÍTULO
Título propiamente dicho La niña que hablaba con los pájaros
Mención de responsabilidad / Valentina Toro Gutiérrez
250 ## - MENCIÓN DE EDICIÓN
Mención de edición Edición especial.
264 #1 - Área de la Producción Publicación, Distribución, Manufactura, etc.
Lugar de publicación, distribución, etc. Bogotá, Colombia
Nombre de la editorial, distribuidor, etc. : Editorial planeta
Fecha de publicación, distribución, etc. , 2023
300 ## - DESCRIPCIÓN FÍSICA
Extensión 204 páginas
Otros detalles físicos : ilustraciones a color
Dimensiones ; 21 centímetros
336 ## - Tipo de Contenido
Tipo de contenido texto
Código de tipo de contenido txt
337 ## - Tipo de Medio
Tipo de Medio sin mediación
Código de tipo de medio n
Fuente rdamedia
338 ## - Tipo de Soporte
Tipo de soporte volumen
Código de tipo de soporte nc
Fuente rdacarrier
490 ## - MENCIÓN DE SERIE
Título de la serie Plan Nacional de Lectura, Escritura y Oralidad / Ministerio de Cultura
520 ## - NOTA DE RESUMEN, ETC.
Nota de sumario Todas las niñas y los niños le tienen miedo a Emilia. Como ella no tiene amigos y parece que solo habla con los pájaros, todos, menos los adultos, creen que es una bruja... y le dicen la Niña Pájaro. Tobías, su vecino, es quien más le teme, pues cree que las desapariciones que ocurren en el pueblo son por causa de los maleficios, embrujos y encantos que Emilia lanza contra los que se burlan de ella… pero con el paso del tiempo, descubrirá la verdadera naturaleza de la Niña Pájaro. Esta historia, aunque es de terror, también es un manual para enfrentar los miedos. Es una historia de un niño valiente que, gracias a su hermana y a sus amigos, logra resolver el misterio que asusta a todos en el pueblo.
521 1# - NOTA DE AUDIENCIA
Nota de audiencia Recomendado para un público infantil a partir de los 8 años.
650 14 - ASIENTO SECUNDARIO DE MATERIA - TÉRMINO TEMÁTICO
Fuente del encabezado o término LEMB
Encabezamiento temático Novela infantil colombiana
Subdivisión cronológica Siglo XXI
9 (RLIN) 22924
650 14 - ASIENTO SECUNDARIO DE MATERIA - TÉRMINO TEMÁTICO
Fuente del encabezado o término LEMB
Encabezamiento temático Literatura infantil colombiana
Subdivisión cronológica Siglo XXI
9 (RLIN) 279517
650 14 - ASIENTO SECUNDARIO DE MATERIA - TÉRMINO TEMÁTICO
Fuente del encabezado o término LEMB
Encabezamiento temático Autoras colombianas
9 (RLIN) 86244
650 14 - ASIENTO SECUNDARIO DE MATERIA - TÉRMINO TEMÁTICO
Fuente del encabezado o término LEMB
Encabezamiento temático Amistad en la literatura
9 (RLIN) 497
650 14 - ASIENTO SECUNDARIO DE MATERIA - TÉRMINO TEMÁTICO
Fuente del encabezado o término LEMB
Encabezamiento temático Miedo en la literatura
9 (RLIN) 390
942 ## - ENTRADA DE ELEMENTOS AGREGADOS (KOHA
Fuente de clasificación o esquema de estantería. Local
Tipo de ítem Literatura Infantil
Existencias
Estado de pérdida Fuente del sistema de clasificación o colocación Estado de daño No disponible para préstamo Colección Biblioteca de origen Biblioteca actual Ubicación en estantería Signatura topográfica completa Ejemplar Código de barras Tipo de ítem Fecha de adquisición Fuente de adquisición Total de pagos Fecha de la última vez visto
  Dewey Decimal Classification     Infantil Biblioteca Pública Departamental Comfamiliar Risaralda Biblioteca Pública Departamental Comfamiliar Risaralda Área Infantil (i) Co863 T686n Ej.1 RIBPD15330 Literatura Infantil 18/04/2026 Dotación MinCultura y BNC   18/04/2026
  Dewey Decimal Classification     Infantil Biblioteca Pública Municipal Isaías Naranjo Ríos Biblioteca Pública Municipal Isaías Naranjo Ríos Área Infantil N TOR7 Ej.1 API01 - 4122 Literatura Infantil 10/10/2023 Dotación ministerio de cultura   09/12/2024
  Dewey Decimal Classification     Infantil Biblioteca Pública Municipal Isaías Naranjo Ríos Biblioteca Pública Municipal Isaías Naranjo Ríos Área Infantil N TOR7 Ej.1 API01 - 4130 Literatura Infantil 03/02/2025 Dotación ministerio de cultura   06/02/2025
  Dewey Decimal Classification     Infantil Biblioteca Pública Municipal Juan XXIII Biblioteca Pública Municipal Juan XXIII Área Infantil N TOR7 Ej. 1 BAL02-4482 Literatura Infantil 24/02/2025 Ministerio de cultura   24/02/2025